书目信息 |
| 题名: |
中国音乐词典
|
|
| 作者: | 吉联抗 , 缪天瑞 主编 | |
| 分册: | ||
| 出版信息: | 北京 人民音乐出版社 1992 |
|
| 页数: | 311 | |
| 开本: | 20cm | |
| 丛书名: | ||
| 单 册: | ||
| 中图分类: | J6 | |
| 科图分类: | ||
| 主题词: | 音乐 | |
| 电子资源: | ||
| ISBN: | 7-103-00856-6 | |
| 000 | 00578nam0 2200193 450 | |
| 001 | 0758474734 | |
| 005 | 20070817161434.73 | |
| 010 | @a7-103-00856-6@b精装@dCNY 51.40 | |
| 100 | @a20070817d km y0chiy0120 ea | |
| 101 | 0 | @achi |
| 200 | 1 | @a中国音乐词典@Azhong guo yin yue ci dian@f缪天瑞,吉联抗主编@Fmiao tian rui,ji lian kang zhu bian |
| 210 | @a北京@c人民音乐出版社@d1992 | |
| 215 | @a311@d20cm | |
| 606 | 0 | @a音乐 |
| 690 | @aJ6@v3 | |
| 701 | 0 | @a吉联抗@Aji lian kang@4主编 |
| 701 | 0 | @a缪天瑞@Amiao tian rui@4主编 |
| 801 | 0 | @aCN@bPFT@c20070817 |
| 905 | @a213230@dJ6@eY4@f1 | |
| 中国音乐词典/缪天瑞,吉联抗主编.-北京:人民音乐出版社,1992 |
| 311;20cm |
| ISBN 7-103-00856-6(精装):CNY 51.40 |
| ● |
| 相关链接 |
|
|
|
|
正题名:中国音乐词典
索取号:J6/Y4
 
预约/预借
| 序号 | 登录号 | 条形码 | 馆藏地/架位号 | 状态 | 备注 |
| 1 | 7401122 | 274011222 | 密集书库-音乐系/ [索取号:J6/Y4] | 在馆 | |
| 2 | 7401123 | 274011231 | 密集书库-音乐系/ [索取号:J6/Y4] | 在馆 | |
| 3 | 7401124 | 274011240 | 密集书库-音乐系/ [索取号:J6/Y4] | 在馆 |